Dryland forestry research (Record no. 35590)

MARC details
000 -LEADER
fixed length control field 00698nam a22001457a 4500
003 - CONTROL NUMBER IDENTIFIER
control field OSt
005 - DATE AND TIME OF LATEST TRANSACTION
control field 20220919144535.0
008 - FIXED-LENGTH DATA ELEMENTS--GENERAL INFORMATION
fixed length control field 220919b |||||||| |||| 00| 0 eng d
040 ## - CATALOGING SOURCE
Transcribing agency hu
082 ## - DEWEY DECIMAL CLASSIFICATION NUMBER
Classification number 634.9072
245 ## - TITLE STATEMENT
Title Dryland forestry research
Remainder of title proceedings of an IFS/IUFRO workshop, Hyytiälä, Finland, 31 July-4 August 1995
260 ## - PUBLICATION, DISTRIBUTION, ETC.
Place of publication, distribution, etc. Sweden
Name of publisher, distributor, etc. 5 9 9 proceedings of an IFS/IUFRO workshop, Hyytiälä, Finland, 31 July-4 August 1
300 ## - PHYSICAL DESCRIPTION
Extent 218 P
Other physical details PC
Dimensions 26 CM
942 ## - ADDED ENTRY ELEMENTS (KOHA)
Source of classification or shelving scheme Dewey Decimal Classification
Koha item type Books like text book referance book
Suppress in OPAC No
Holdings
Withdrawn status Lost status Source of classification or shelving scheme Damaged status Not for loan Collection code Home library Current library Shelving location Date acquired Total Checkouts Full call number Barcode Date last seen Copy number Price effective from Koha item type
    Dewey Decimal Classification     Reference Wondo Genet Library Wondo Genet Library General Stacks 09/19/2022   634.9072 DRY 1995 WGCFNRL00019354 09/19/2022 1 09/19/2022 Books like text book referance book